| 000 | 00688nam a22002057a 4500 | ||
|---|---|---|---|
| 005 | 20170720114558.0 | ||
| 010 | _aENG-119291 | ||
| 020 |
_a9789350020128 _c895.00 |
||
| 035 | _aEN-102823 | ||
| 037 | _bDBAB/PUB | ||
| 082 | _a947.8 | ||
| 100 | _aWoods, Alan | ||
| 245 |
_a Bolshevism : _cby Alan Woods _bthe road to revolution / |
||
| 260 |
_aDelhi _bAakar Books _c2010 |
||
| 270 |
_a28 E Pocket IV,Mayur Vihar Phase I _bDelhi _e110091 |
||
| 300 |
_a144p. _c22cm(Hb) |
||
| 500 | _aIncludes bibliographical references and index | ||
| 505 | _a a history of the Bolshevik Party from the early beginnings to the October Revolution. | ||
| 942 |
_2ddc _cEN _mWOO _h947.08 |
||
| 999 |
_c142700 _d142700 |
||